000 00574nam a2200193Ia 4500
003 GCL
008 140319s9999 xx 000 0 ara d
040 _aGCL /
_cGCL
082 0 4 _a180
_bف ع
100 1 _aاحمد شكرى سالم
245 1 0 _aالعلم الاغريقى /
_cاحمد شكرى سالم
700 1 _aحسين كامل ابوالليف (مترجم)
700 1 _aفارنتن، بنيامين
300 _a186 ص
490 _aالالف كتاب
_v0
650 0 4 _aالفلسفة
650 0 4 _aالفلسفة الاغريقية
942 _2ddc
_cBK
999 _c45621
_d45621